00305nam a2200121Ia 4500008004100000041000800041082001200049100001800061245004500079260002800124300002400152365000700176240624s9999 xx 000 0 und d aeng a191 CAP aCAPRA FRITJOF aUNCOMMON WISDOM CONVERSATIONS WITH REMAR c1998aLondonbFlamingon a352 : p. : cm. ; 20 cRS